| 000 | 01400cam a22003497a 4500 | ||
|---|---|---|---|
| 001 | 17276475 | ||
| 005 | 20170105102854.0 | ||
| 008 | 120412s2011 enkb b 001 0 eng d | ||
| 010 | _a 2012429403 | ||
| 016 | 7 |
_a015716916 _2Uk |
|
| 020 | _a9781849041225 | ||
| 020 | _a1849041229 | ||
| 020 | _a9781849041218 | ||
| 020 | _a1849041210 | ||
| 035 | _a(OCoLC)ocn693704796 | ||
| 040 |
_aYDXCP _cYDXCP _dUKMGB _dBWK _dCDX _dNDD _dNLE _dZCU _dIUL _dDLC |
||
| 042 | _alccopycat | ||
| 043 | _aap----- | ||
| 050 | 0 | 0 |
_aJQ1840 _b.P68 2011b |
| 082 | 0 | 4 |
_a320.9536 _222 |
| 245 | 0 | 0 |
_aPower and politics in the Persian gulf monarchies / _cChristopher M. Davidson (editor). |
| 260 |
_aLondon : _bC. Hurst & Co., _c2011. |
||
| 300 |
_aviii, 203 p. : _bmap ; _c22 cm. |
||
| 504 | _aIncludes bibliographical references (p. 181-187) and index. | ||
| 505 | 0 | _aIntroduction / Christopher M. Davidson -- The United Arab Emirates / Christopher M. Davidson -- Bahrain / Jane Kinninmont -- Saudi Arabia / Kristian Coates Ulrichsen -- Kuwait / David Roberts -- Qatar / Steven Wright -- Oman / Marc Valeri | |
| 650 | 0 |
_aMonarchy _zPersian Gulf Region. |
|
| 651 | 0 |
_aPersian Gulf Region _xPolitics and government. |
|
| 700 | 1 |
_aDavidson, Christopher M. _q(Christopher Michael) |
|
| 906 |
_a7 _bcbc _ccopycat _d2 _encip _f20 _gy-gencatlg |
||
| 942 |
_2ddc _cBK |
||
| 999 |
_c14419 _d14419 |
||